000 00618nam a22002057a 4500
003 MPLRDC
005 20220104200710.0
008 210129b ||||| |||| 00| 0 eng d
020 _a978-7-5391-8787-7
082 _a859.9 JJSC v.2
100 _a崔德熙 CHOI,DUK-HEE 文
245 _a极地冰河历险记
_c郑继永 译; 姜境孝 KANG,GYUNG-HYO 图
250 _a二版43刷
260 _a中国
_b二十一世纪出版社
_c2015
300 _b
490 _a我的第一本科学漫画书: 绝境生存系列
520 _a上架 2017-01-16
650 _a儿童图画书
942 _cBK
_o859.9 JJSC v.2
999 _c66822
_d66812